Länder mit den schlechtesten Lebensbedingungen - Statistiken

Allgemein
  • Dieses Quiz wurde 184 mal gespielt
  • Das Durchschnittsergebnis liegt bei 14 aus 21
Antwortstatistiken
HDMI Antwort % Korrekt
0,377 Niger
80%
0,459 Demokratische Republik Kongo
79%
0,356 Somalia
78%
0,434 Eritrea
75%
0,427 Mali
75%
0,401 Tschad
75%
0,413 Südsudan
71%
0,423 Burundi
68%
0,466 Guinea
66%
0,381 Zentralafrikanische Republik
66%
0,434 Burkina Faso
65%
0,470 Äthiopien
64%
0,466 Gambia
62%
0,438 Sierra Leone
62%
0,495 Dschibuti
61%
0,461 Guinea-Bissau
60%
0,465 Liberia
60%
0,485 Malawi
60%
0,446 Mosambik
59%
0,496 Afghanistan
58%
0,463 Jemen
48%
Keine übereinstimmenden Quizze gefunden
Verteilung der Resultate
Anzahl Personen mit jedem Resultat
Perzentil nach korrekt beantworteten Fragen
Ihre Resultats-Entwicklung
Sie haben dieses Quiz noch nicht gespielt